Missing Word: Jazz Songs 'B' Quiz Stats

 Plays Quiz Updated Dec 4, 2017

Challenge
Share
Tweet
Embed
Score 0/12 Timer 03:00
0 Plays Today
Song Missing Word % Correct
The _____ Is Yet To ComeBest
95.2%
Strike Up The _____Band
90.6%
That Old _____ MagicBlack
89.5%
My _____ HeavenBlue
86.9%
Sweet Georgia _____Brown
77%
_____ Not For MeBut
72%
_____ and SoulBody
66.1%
_____ the BeguineBegin
63.5%
Slap That _____Bass
48.5%
Bye Bye _____Blackbird
38%
_____ Street BluesBasin
23.5%
If I Were A _____Bell
18.2%

Today's Daily Dose

You're not logged in!

Compare scores with friends on all Sporcle quizzes.
Join for Free
OR
Log In

You Might Also Like...

Show Comments

Extras

Top Quizzes Today


Score Distribution

Your Account Isn't Verified!

In order to create a playlist on Sporcle, you need to verify the email address you used during registration. Go to your Sporcle Settings to finish the process.

Report this User

Report this user for behavior that violates our Community Guidelines.

Details: